[Event "HUN-chT2 Erkel 1415"]
[Site "Hungary"]
[Date "2015.04.26"]
[Round "9.2"]
[White "Ngo, Tan Don"]
[Black "Sinka, Istvan"]
[Result "1-0"]
[WhiteElo "2214"]
[BlackElo "2244"]
[PlyCount "59"]
[EventDate "2014.09.28"]
[EventType "team-tourn"]
[EventRounds "9"]
[EventCountry "HUN"]
[SourceTitle "EXT 2016"]
[Source "ChessBase"]
[SourceDate "2015.10.08"]
[SourceVersion "1"]
[SourceVersionDate "2015.10.08"]
[SourceQuality "1"]
[WhiteTeam "BEAC"]
[BlackTeam "Jaszbereny"]
[WhiteTeamCountry "HUN"]
[BlackTeamCountry "HUN"]

1. d4 c5 2. d5 e5 3. e4 d6 4. Bd3 Be7 5. Ne2 Bg5 6. 0-0 Bxc1 7. Qxc1 Ne7 8. f4 exf4 9. Nxf4 0-0 10. Nd2 Ng6 11. Nxg6 hxg6 12. a4 Qe7 13. Nc4 Nd7 14. Qf4 Ne5 15. Nxe5 Qxe5 16. Qxe5 dxe5 17. Rfe1 f6 18. Ra3 Bd7 19. Bb5 Rfd8 20. Rb3 Rab8 21. Ree3 Kf7 22. Rec3 b6 23. Bxd7 Rxd7 24. Rxc5 f5 25. Rc6 Rh8 26. Re3 f4 27. Rec3 g5 28. Re6 Re8 29. Rxe8 Kxe8 30. h3 1-0

[Event "HUN-chT2 Erkel 1415"]
[Site "Hungary"]
[Date "2014.10.11"]
[Round "1.2"]
[White "Radnai, Adam"]
[Black "Ngo, Tan Don"]
[Result "1/2-1/2"]
[WhiteElo "2362"]
[BlackElo "2214"]
[PlyCount "95"]
[EventDate "2014.09.28"]
[EventType "team-tourn"]
[EventRounds "9"]
[EventCountry "HUN"]
[SourceTitle "EXT 2016"]
[Source "ChessBase"]
[SourceDate "2015.10.08"]
[SourceVersion "1"]
[SourceVersionDate "2015.10.08"]
[SourceQuality "1"]
[WhiteTeam "Budapest MTK"]
[BlackTeam "BEAC"]
[WhiteTeamCountry "HUN"]
[BlackTeamCountry "HUN"]

1. e4 e6 2. d4 d5 3. Nd2 c5 4. exd5 exd5 5. Bb5+ Bd7 6. Qe2+ Qe7 7. Bxd7+ Nxd7 8. dxc5 Qxe2+ 9. Nxe2 Bxc5 10. Nb3 Ngf6 11. Nxc5 Nxc5 12. Be3 Ne6 13. 0-0-0 0-0 14. Rd3 Rfd8 15. Rhd1 Rd6 16. f3 b6 17. g4 h6 18. h4 Rad8 19. g5 hxg5 20. hxg5 Nh5 21. Nc3 d4 22. Ne2 Rd5 23. c3 Nxg5 24. Rxd4 Rxd4 25. Nxd4 Nh3 26. Nc6 Re8 27. Rd8 Rxd8 28. Nxd8 f5 29. Nc6 f4 30. Bd4 Ng5 31. Nxa7 Nxf3 32. Bxb6 Ne5 33. a4 f3 34. Nc8 Nf4 35. Kd1 Nc4 36. Ke1 Nd3+ 37. Kf1 g5 38. a5 g4 39. Ne7+ Kf7 40. Nf5 Ke6 41. Ng3 Ndxb2 42. Kg1 Na4 43. Bd4 Nxa5 44. Kf2 Nc4 45. Nf1 Kf5 46. Kg3 Nab2 47. Nh2 Nd1 48. Nxg4 1/2-1/2